00456nam a2200157Ia 45000010006000000050017000060080041000230410008000640820016000721000024000882450133001122600009002453000028002546500008002826540008002901321720260306163037.0260306t2008||||xx |||||||||||||| ||spa|| aESP a001.42bC28 aCarli, AlbertoeAUT 0aLa ciencia como herramienta:bGuía para la investigación y la realización de informes, monografías y tesis científicas c2008 a166 páginas :c22 cm. aGEN aCHU